V našom dvore- ľudová hudba folkórneho súboru Technik

Bibliographic Details
Corporate Author: Technik (folklórny súbor). Ľudová hudba (uci)
Format: Audio
Language:Slovak
PhysicalDescription:1 zvuková platňa (52 min. 52 sek.) digitálny, stereo 12 cm
Published: Bratislava Diskant 2003
Subjects:

MARC

LEADER 00000njm a2200000 a 4500
001 vtls001472956
003 SK-MaSNL
005 20260302073520.0
008 160624s2003 xo 0 slo
015 |a SNBJ2004/03-01155 
035 |a SNK000428258 
040 |a SNK  |b slo  |c SNK  |e AACR2 
041 0 |a slo 
044 |a xo  |c SK 
072 7 |a 784  |2 konspekt 
080 |a 784.4  |2 1981 
080 |a 784.4:785.1(086.76)  |2 2. slo 
080 |a 785.1  |2 2. slo 
080 |a (086.76)  |2 1981 
245 1 |a V našom dvore-  |h zvukový dokument  |b ľudová hudba folkórneho súboru Technik 
260 |a Bratislava  |b Diskant  |c 2003 
300 |a 1 zvuková platňa (52 min. 52 sek.)  |b digitálny, stereo  |c 12 cm 
505 0 |a Obsahuje 12 piesní 
511 |a Účinkuje ľudová hudba folklórneho súboru Technik 
650 0 7 |a slovenské ľudové piesne  |2 SNK  |9 3454 
650 0 7 |a ľudová hudba  |2 SNK  |9 3183 
650 0 7 |a ľudová hudba  |x piesne ľudové  |x platne kompaktné  |2 SNK  |9 283668 
650 0 7 |a piesne ľudové  |x platne kompaktné  |2 SNK  |9 283669 
650 0 7 |a vokálna hudba  |2 SNK  |9 3442 
655 7 |a kompaktné platne  |2 SNK  |9 70690 
655 7 |a kompaktné platne  |2 SNK  |9 70690 
710 2 |a Technik (folklórny súbor).  |b Ľudová hudba  |4 uci  |9 155816 
999 |c 1161139  |d 1163069 
952 |t P60, <03>, [BOOK], {603}  |a SNK  |b SNK  |y PREZ  |7 0  |p 17A0424574  |o snkSCD 1611  |i snkJK 179/2004  |0 0  |1 0  |4 0  |d 2004-04-14  |l 0  |r 2005-01-02 00:00:00  |w 2026-02-24